Využitie geografických informačných systémov v rámci cyklu krízového riadenia

Rozbor a popis využitia geografických informačných systémov v rámci celého cyklu krízového manažmentu. Zhrnutie a vizualizácia ich využitia v rámci celého cyklu krízového manažmentu. Výsledky tiež umožňujú diskutovať o nedostatkoch a využití v oblasti krízového manažmentu v podmienkach Slovenskej re...

Full description

Saved in:
Bibliographic Details
Main Author: Ristvej, Jozef
Other Authors: Kubás, Jozef, Kollár, Boris, Chovanec, Daniel
Format: Book Chapter
Language:Slovak
Subjects:
Tags: Add Tag
No Tags, Be the first to tag this record!

MARC

LEADER 00000naa a2200000 4500
001 0314949
005 20260212104653.0
041 0 |a slo 
044 |a SK 
245 1 0 |a Využitie geografických informačných systémov v rámci cyklu krízového riadenia  |c Jozef Ristvej, Jozef Kubás, Boris Kollár, Daniel Chovanec 
520 |a Rozbor a popis využitia geografických informačných systémov v rámci celého cyklu krízového manažmentu. Zhrnutie a vizualizácia ich využitia v rámci celého cyklu krízového manažmentu. Výsledky tiež umožňujú diskutovať o nedostatkoch a využití v oblasti krízového manažmentu v podmienkach Slovenskej republiky. 
610 2 0 |a manažment krízový 
610 2 0 |a ochrana civilná 
610 2 0 |a systémy informačné 
610 2 0 |a systémy informačné geografické 
100 1 |a Ristvej, Jozef 
700 1 |a Kubás, Jozef 
700 1 |a Kollár, Boris 
700 1 |a Chovanec, Daniel